000 01365nam a2200361Ia 4500
001 dia_5589
003 CHAP
005 20240208182347.0
007 ta
008 220117s1995 mx fr 001 0 spa d
040 _cCHAP
_amxchpua
090 _aT.C.196
_bF56 ETIPA
_c1995
245 1 0 _aRemodelación de las áreas de trabajo de la empresa Embutidos Finos de Jalisco, S. A. de C. V. /
_ccoordinador Juan José Flores Verduzco ; colaboradores Fernando Andrade Ramírez...[et al.]
260 _aMéxico :
_bEl autor,
_c1995
300 _acerca 30 hojas :
_btablas
336 _2rdacontent
_atexto
_btxt
337 _2rdamedia
_asin medio
_bn
338 _2rdacarrier
_avolumen
_bnc
502 _aViaje de Estudios
_b(ETIPA) --
_cUACh. Departamento de Ingeniería Agroindustrial,
_d1995
504 _aBibliografía: hoja 9
650 1 3 _aIndustria del ganado y de la carne
_9147937
_zMéxico
_zJalisco
650 1 3 _aEmbutidos
_936500
650 1 3 _aCured meats
_9149492
650 1 3 _aLivestock and meat industry
_9153054
_zMexico
_zJalisco
700 1 _aFlores Verduzco, Juan José
_941784
_ecoordinador
700 1 _aAndrade Ramírez, Fernando
_9159009
_ecolaborador
901 _aT.C.196 F56 ETIPA 1995
902 _aM
905 _a5332271995 mx n 8223123322spa16
942 _2local
942 _cVE
999 _c176512
_d176512